LEADER 01085nam0-22003971i-450- 001 990003957980403321 005 20050913103626.0 010 $a1-58488-320-0 035 $a000395798 035 $aFED01000395798 035 $a(Aleph)000395798FED01 035 $a000395798 100 $a20030910d2003----km-y0itay50------ba 101 0 $aeng 200 1 $aGraphics and GUIs with MATLAB$fPatrick Marchand, O. Thomas Holland 205 $a3rd ed. 210 $aBoca Raton$cCRC Press$dc2003 215 $axii,518 p.$d24 cm 610 0 $aComputer graphics$amatlab 610 0 $aGrafica per computer 676 $a006.66$v21$zita 700 1$aMarchand,$bPatrick$0145244 701 1$aHolland,$bO. Thomas$0149003 801 0$aIT$bUNINA$gRICA$2UNIMARC 901 $aBK 912 $a990003957980403321 952 $aVII-B-137$b9408$fMAS 952 $a123-F-54$b21092$fMA1 952 $a02 49 C 83$b8202$fFINBN 959 $aMAS 959 $aMA1 959 $aFINBN 962 $a68-01 962 $a68U05 996 $aGraphics and GUIs with MATLAB$9513141 997 $aUNINA